• 首页
  • 本馆介绍
  • 公告通知
  • 最新文献
  • 馆藏检索
  • 电子资源
  • 读者导购
  • 参考咨询
  • 我的图书馆
  • 登录
  • 详细信息显示
  • 放入我的书架
  • 预约/预借图书
  • 作者相关作品
  • 分类相关作品
  • 丛书相关作品
  • 出版社相关作品

书目信息

  • 表格格式
  • 工作单格式
  • 卡片格式
题名:
可编程序控制器应用实训
    
 
作者: 张宝生 编著
分册:  
出版信息: 北京   机械工业出版社  2012.8
页数: 230页
开本: 26cm
丛书名: 机电专业应用型人才培养特色教材
单 册:
中图分类: TP332.3
科图分类:
主题词: 可编程序控制器--高等学校--教材
电子资源:
ISBN: 978-7-111-39389-4
000 00949nam0 2200253 45
001 1354502499
005 20130510092832.64
010    @a978-7-111-39389-4@dCNY35.00
100    @a20130108d2012 ekmy0chiy0120 ea
101 0  @achi
102    @aCN@b110000
105    @aa z 000yy
106    @ar
200 1  @a可编程序控制器应用实训@AKe Bian Cheng Xu Kong Zhi Qi Ying Yong Shi Xun@f张宝生编著@FZhang Bao Sheng Bian Zhu
210    @a北京@c机械工业出版社@d2012.8
215    @a230页@d26cm
225 2  @a机电专业应用型人才培养特色教材
330    @a本书以S7-200系列PLC为例,全面介绍了可编程序控制器的软、硬件系统和编程方法。简要介绍了PLC基本知识;典型控制实例介绍了位逻辑、计数器、定时器等基本指令和编程软件。
461  0 @12001 @a机电专业应用型人才培养特色教材
606 0  @a可编程序控制器@x高等学校@j教材
690    @aTP332.3@v5
701  0 @a张宝生@AZhang Bao Sheng@4编著
801    @aCN@bTANGWEI@c20130108
905    @b0830365-67@dTP332.3@e118@f3
    
    可编程序控制器应用实训/张宝生编著.-北京:机械工业出版社,2012.8
    230页;26cm.-(机电专业应用型人才培养特色教材)
    
    
    ISBN 978-7-111-39389-4:CNY35.00
    本书以S7-200系列PLC为例,全面介绍了可编程序控制器的软、硬件系统和编程方法。简要介绍了PLC基本知识;典型控制实例介绍了位逻辑、计数器、定时器等基本指令和编程软件。
●
相关链接 在E读中查询图书 在五车中查询图书 在当当中查询图书 在豆瓣中查询图书


正题名:可编程序控制器应用实训     索取号:TP332.3/118         预约/预借

序号 登录号 条形码 馆藏地/架位号 状态 备注
1 0830365   208303655   第二样本阅览室/ [索取号:TP332.3/118] 在馆    
2 0830366   208303664   第三借阅区/ [索取号:TP332.3/118] 在馆    
3 0830367   208303673   第三借阅区/ [索取号:TP332.3/118] 在馆    
唐山师范学院图书馆 欢迎您!
大连网信软件有限公司© 版权所有